| 000 | 00614nam a2200181Ia 4500 | ||
|---|---|---|---|
| 008 | 090630s9999 xx 000 0 und d | ||
| 082 | _b14376 | ||
| 100 | _aवाळिंबे वि. स. | ||
| 245 |
_aदुसरे महायुध्द. _cवाळिंबे वि. स. |
||
| 260 |
_bमॅजेस्टीक. _c1994 |
||
| 300 | _a296 | ||
| 600 | _aवाळिंबे वि. स. | ||
| 630 | _aदुसरे महायुध्द. | ||
| 655 | _aइतर. | ||
| 700 | _aवाळिंबे वि. स. | ||
| 730 | _aदुसरे महायुध्द. | ||
| 942 | _cBOOK | ||
| 999 |
_c266232 _d266232 |
||